00382nam a22001457a 450000500170000000800090001704100080002608200110003410000350004524500730008026000090015330000170016265000150017965000420019420210303145815.0Español aspa aTU 121 aRobles Fallas, Pablo Alexander aInforme de práctica supervisada realizada en Ecole Travel Operador c2018 a17 páginas aCOSTA RICA aAGENCIAS ECOLE TRAVEL TOUR OPERADORA